Statistics for Nu Metal Bands

Click here to take the quiz!

General Stats

  • This quiz has been taken 64 times
  • The average score is 8 of 25

Answer Stats

AlbumBand% Correct
Hybrid TheoryLinkin Park
92%
IowaSlipknot
89%
Follow the LeaderKorn
87%
Significant OtherLimp Bizkit
79%
Around the FurDeftones
70%
The SicknessDisturbed
56%
L.D. 50Mudvayne
44%
Wisconsin Death TripStatic-X
34%
SpitKittie
33%
SinnerDrowning Pool
26%
Chamber MusicCoal Chamber
25%
Get SomeSnot
25%
SatelliteP.O.D.
21%
Tonight the Stars Revolt!Powerman 5000
21%
Every Six SecondsSaliva
21%
HomeSevendust
18%
XIIIMushroomhead
15%
Revolution / RevoluciónIll Niño
13%
PrimitiveSoulfly
11%
The Height of CallousnessSpineshank
11%
MatriphagyTallah
11%
The War of ArtAmerican Head Charge
7%
GiftTaproot
7%
Sevas TraOtep
3%
SkeletonsNothingface
2%

Score Distribution

Percentile by Number Answered

Percent of People with Each Score

Your Score History

You have not taken this quiz